| 000 | 004440000a22001690004500 | ||
|---|---|---|---|
| 003 | MACL | ||
| 005 | 20151218122411.0 | ||
| 008 | 151218b xxu||||| |||| 00| 0 eng d | ||
| 040 |
_aMACL _cMACL |
||
| 041 | _aEnglish | ||
| 082 | _a030/WRI | ||
| 100 |
_aWright, Ernest Hunter _921055 |
||
| 245 |
_aRichards Topical Encyclopedia _bVol 9 |
||
| 260 |
_bThe Richards Company Ltd _c1956 |
||
| 650 |
_aEncyclopaedia _921056 |
||
| 942 |
_cBK _k030/WRI _2ddc |
||
| 999 |
_c40579 _d40579 |
||